| 000 | 00974cam a2200277 4500 | ||
|---|---|---|---|
| 001 | 4569753 | ||
| 005 | 20230321160640.0 | ||
| 008 | 740828s1975 nyua b 001 0 eng | ||
| 010 | _a 74019012 | ||
| 020 | _a0070161798 | ||
| 040 |
_aDLC _cDLC _dDLC |
||
| 050 | 0 | 0 |
_aTJ213 _b.D33 |
| 082 | 0 | 0 |
_a629.8 _bAZZ |
| 100 | 1 |
_aD'Azzo, John Joachim. _9110983 |
|
| 245 | 1 | 0 |
_aLinear control system analysis and design: conventional and modern _c[by] John J. D'Azzo [and] Constantine H. Houpis. |
| 260 |
_aNew York, _bMcGraw-Hill _c[1975] |
||
| 300 |
_axviii, 636 p. _billus. _c24 cm. |
||
| 490 | 0 | _aMcGraw-Hill electrical and electronic engineering series | |
| 504 | _aIncludes bibliographical references. | ||
| 650 | 0 | _aLinear control systems. | |
| 650 | 0 | _aControl theory. | |
| 650 | 0 |
_aElectrical engineering _xMathematics. _955701 |
|
| 700 | 1 |
_aHoupis, Constantine H., _ejoint author. _9110984 |
|
| 906 |
_a7 _bcbc _corignew _d1 _eocip _f19 _gy-gencatlg |
||
| 942 |
_2ddc _cBK |
||
| 999 |
_c594002 _d594002 |
||